[PAROLES] - Peur d'être sobre - DAMSO - Paroles - Statistiques

Statistiques générales
  • Ce quiz a été pris 52 fois
  • Le résultat moyen est 390 sur 557
Statistiques - réponses
Paroles % Correct
à
100%
À
100%
a
100%
d
100%
j
100%
J
100%
qu
100%
s
100%
dans
97%
de
97%
Je
97%
je
97%
l
97%
L
97%
m
97%
n
97%
c
95%
le
95%
Le
95%
me
95%
suis
95%
et
92%
ai
89%
la
89%
La
89%
89%
ma
89%
fume
87%
que
87%
être
84%
peur
84%
sobre
84%
drogue
82%
Drogue
82%
Les
82%
les
82%
Mais
82%
mais
82%
moi
82%
mon
82%
ne
82%
on
82%
pense
82%
au
79%
dure
79%
Posé
79%
pose
79%
quartier
79%
Sa
79%
sa
79%
boire
76%
ça
76%
comme
76%
déchiré
76%
fait
76%
ils
76%
pas
76%
pour
76%
Pour
76%
est
74%
everyday
74%
font
74%
réduire
74%
trop
74%
autant
71%
Car
71%
car
71%
Ces
71%
ces
71%
comment
71%
Comment
71%
conso
71%
fumer
71%
Damso
68%
elle
68%
guedro
68%
léviter
68%
vaisseaux
68%
alcool
66%
en
66%
Négro
66%
tise
66%
Tise
66%
tisé
66%
une
66%
fond
63%
fuir
63%
monde
63%
vie
63%
jamais
61%
par
61%
Peut
61%
sanguins
61%
absurde
58%
déf
58%
des
58%
façon
58%
hier
58%
mes
58%
mort
58%
Non
58%
non
58%
Sur
58%
vulgaire
58%
Absorbé
55%
Défoncé
55%
ont
55%
oubliée
55%
questions
55%
sans
55%
vis
55%
Mérovingien
53%
nié
53%
pur
53%
qui
53%
Tant
53%
tout
53%
verdure
53%
vivre
53%
allure
50%
dream
50%
game
50%
jeu
50%
laisse
50%
meilleur
50%
Millions
50%
ondes
50%
quoi
50%
Si
50%
vive
50%
flow
47%
keufs
47%
pété
47%
réfugie
47%
rosiers
47%
blessures
45%
évacue
45%
fleurs
45%
Gros
45%
mène
45%
vertus
45%
Vices
45%
vices
45%
chill
42%
Dis
42%
envoie
42%
serré
42%
arrête
39%
éraflures
39%
rap
39%
assumer
37%
baiser
37%
Damsodomie
37%
frais
37%
litres
37%
nous
37%
ouais
37%
sera
37%
venu
37%
assez
34%
changer
34%
cheveux
34%
cul
34%
devrais
34%
Elles
34%
grosse
34%
jeux
34%
lui
34%
malgré
34%
minuit
34%
physionomie
34%
plus
34%
police
34%
pomper
34%
questionne
34%
rappeurs
34%
Romantique
34%
scolaire
34%
sons
34%
ttecha
34%
vraie
34%
dar
32%
entier
32%
femeu
32%
férié
32%
finance
32%
gicle
32%
goûter
32%
level
32%
plaine
32%
poteca
32%
putain
32%
Recherche
32%
sont
32%
Spliff
32%
Bordel
29%
bruit
29%
cieux
29%
club
29%
crime
29%
devait
29%
entendre
29%
fuis
29%
mets
29%
passent
29%
quand
29%
réalité
29%
yeux
29%
côté
26%
embrouilles
26%
frisés
26%
idées
26%
mieux
26%
nizzos
26%
obscures
26%
OPG
26%
pompent
26%
SIM
26%
vaut
26%
bien
24%
dealers
24%
Dems
24%
eux
24%
flows
24%
majeur
24%
mettent
24%
niggas
24%
nos
24%
Sombres
24%
souviens
24%
faite
21%
plissés
21%
ppera
21%
bu
18%
pistonnent
18%
Yeah
16%
yeah
16%
Gangst
13%
homie
13%
prends
13%
mothafucka
8%
backs
5%
mothafuckin
3%
Aucun quiz correspondant
Distribution des résultats
% des personnes avec chaque résultat
Percentile par nombre de réponses
Votre historique - résultats
Vous n’avez pas pris ce quiz